000 00795nam a22002897a 4500
001 BR8002673
003 BR-BrBNA
005 20230928090611.0
007 ta
008 230509b bl.||||| |||| 00| 0 por d
040 _aBR-BrBNA
_bpor
_cBiblioteca Nacional de Agricultura
041 _a(Por)
072 _aF23
_b/G514
090 _ F23 BR8002673
100 1 _aPenteado, M.M.
110 1 _aFundacao Instituto Brasileiro de Geografia e Estatistica, Rio de Janeiro, RJ
245 1 _aFundamentos de geomorfologia [Brasil]
250 1 _a3. ed.
260 3 _aRio de Janeiro, RJ (Brasil):
_c1980.
300 _a185 p.
500 _a46 illus.
650 _aClassificacao do solo
650 _aRelevo
650 _aGeomorfologia
909 _a202309
_bLucia
_c55
_dLucia Elande
942 _cBK
999 _c29572
_d29572